| 000 | 00857nam a2200217Ia 4500 | ||
|---|---|---|---|
| 001 | 9939 | ||
| 003 | GE_BSU | ||
| 008 | 181216s||||||||xx |||||||||||||| ||und|| | ||
| 040 | _cGE_BSU | ||
| 080 | _a821.353.1.09 | ||
| 100 | _aნიკოლეიშვილი,ავთანდილ | ||
| 245 | _aXX საუკუნის ქართული ლიტერატურის ისტორიის ნარკვევები. | ||
| 245 | _bწიგნი.3 | ||
| 245 | _cრედ:ლეილა მესხი;მხატვ:სპარტაკ ცინცაძე | ||
| 260 | _aქუთაისი | ||
| 260 | _bმერანი | ||
| 260 | _c2000. | ||
| 300 | _a544გვ;20სმ. | ||
| 653 | _aქართული ლიტერატურის ისტორია და კრიტიკა; | ||
| 942 | _cBK | ||
| 999 |
_c43214 _d43214 |
||